Laser Welding -- Reliability and Repeatability

Uloženo v:
Podrobná bibliografie
Další autoři: Canal QMedicalDevice / YouTube
Médium: Kniha
Jazyk:angličtina
Témata:
On-line přístup:Laser Welding -- Reliability and Repeatability
Tagy: Přidat tag
Žádné tagy, Buďte první, kdo vytvoří štítek k tomuto záznamu!

MARC

LEADER 00000nam a22000004a 4500
001 vpro10191
005 20201223000000.0
008 160705s2016 ck # g## #001 0#eng#d
020
022
040 |a CO-BoINGC 
041 0 |a eng 
245 1 0 |a Laser Welding -- Reliability and Repeatability 
246 |a Soldadura por rayo ls̀er -- Confiabilidad y repetibilidad 
264 |a Bogot ̀(Colombia) :  |b Revista VirtualPRO,  |c 2016 
520 3
650 \ \ |a Soldadura 
650 \ \ |a Welding 
650 \ \ |a Soldadura  
650 \ \ |a Procesos de soldadura 
650 \ \ |a Welding  
650 \ \ |a Welding processes  
700 \ \ |a Canal QMedicalDevice / YouTube 
856 |z Laser Welding -- Reliability and Repeatability  |u https://virtualpro.unach.elogim.com/biblioteca/soldadura-por-rayo-laser----confiabilidad-y-repetibilidad